000 00910nas a2200265 i 4500
001 1847
003 ES-MaACL
005 20250812075022.0
008 950801d19011901sp s| p | ||pa d
080 _a460
245 0 0 _aRevista española de literatura, historia y arte /
_c[dir., Emilio Cotarelo y Mori].
260 _aMadrid :
_bImp. de la Revista Española,
_c1901.
300 _a1 v. (408 p.) :
_bil. ;
_c30 cm.
310 _aQuincenal
362 1 _aAño 1, n. 1 (1 en. 1901)-
530 _aDisponible en formato digital.
650 7 _aCultura
_2embne
_9170963
650 7 _aArte y literatura
_2embne
_910334
700 1 _aCotarelo y Mori, Emilio,
_d1857-1936
_941168
852 _aES-MaACL
_jT-1123-F-4
_z- Enc. en vol. facticio con otras obras
856 _uhttp://www.archive.org/details/revistaespaola01madr
_zInternet Archive
866 0 _o(1901).
942 _2udc
999 _c1847
_d1847